Countries in the Mongol Empire - Statistics

General Stats
  • This quiz has been taken 921 times
  • The average score is 27 of 30
Answer Stats
Percent Country % Correct
~98% China
99%
100% Mongolia
98%
~40% Russia
98%
~5% India
97%
100% Iran
97%
100% Kazakhstan
97%
~50% Iraq
96%
~70% Pakistan
95%
~85% Turkey
95%
100% Turkmenistan
95%
100% Afghanistan
94%
100% Kyrgyzstan
94%
100% North Korea
94%
~95% South Korea
94%
100% Tajikistan
94%
100% Uzbekistan
94%
100% Armenia
93%
~97% Ukraine
93%
100% Azerbaijan
92%
100% Georgia
92%
~5% Vietnam
91%
~3% Laos
88%
~45% Romania
88%
~10% Syria
88%
~95% Belarus
87%
~5% Poland
85%
~10% Myanmar
84%
100% Moldova
81%
~2% Kuwait
77%
~1% Serbia
56%
No matching quizzes found
Score Distribution
Percent of People with Each Score
Percentile by Number Answered
Your Score History
You have not taken this quiz